Countries that speak Indo-European languages - Statistics

General Stats
  • This quiz has been taken 534 times
    131 since last reset
  • The average score is 82 of 92
Answer Stats
Country % Correct
United Kingdom
99%
Italy
98%
Slovakia
98%
Andorra
97%
Brazil
97%
Russia
97%
San Marino
97%
Spain
97%
United States
97%
France
96%
Poland
96%
Slovenia
96%
Belarus
95%
Denmark
95%
Portugal
95%
Sweden
95%
Belgium
94%
Greece
94%
Iceland
94%
Norway
94%
Albania
93%
Canada
93%
Czechia
93%
Guatemala
93%
India
93%
Luxembourg
93%
Netherlands
93%
North Macedonia
93%
Peru
93%
Serbia
93%
Ukraine
93%
Chile
92%
Croatia
92%
Cyprus
92%
Iran
92%
Mexico
92%
Panama
92%
Uruguay
92%
Argentina
91%
Austria
91%
Bulgaria
91%
Guyana
91%
Ireland
91%
Lithuania
91%
Paraguay
91%
Switzerland
91%
Australia
90%
Belize
90%
Bosnia and Herzegovina
90%
Colombia
90%
Dominica
90%
El Salvador
90%
Germany
90%
Latvia
90%
Liechtenstein
90%
Montenegro
90%
New Zealand
90%
Pakistan
90%
Venezuela
90%
Dominican Republic
89%
Ecuador
89%
Honduras
89%
Nicaragua
89%
Romania
89%
Bangladesh
88%
Barbados
88%
Bolivia
88%
The Bahamas
88%
Costa Rica
87%
Haiti
87%
Monaco
87%
Afghanistan
86%
Kosovo
86%
Saint Kitts and Nevis
86%
Suriname
86%
Antigua and Barbuda
85%
Armenia
85%
Nepal
85%
Saint Lucia
85%
Saint Vincent and the Grenadines
85%
Cuba
84%
Jamaica
84%
Grenada
83%
Moldova
83%
Sri Lanka
83%
Trinidad and Tobago
83%
Maldives
74%
Tajikistan
74%
Cape Verde
59%
Mauritius
56%
Sao Tome and Principe
56%
Seychelles
56%
No matching quizzes found
Score Distribution
Percent of People with Each Score
Percentile by Number Answered
Your Score History
You have not taken this quiz since the last reset